000 nam a22 7a 4500
999 _c10618
_d10618
008 180219b ||||| |||| 00| 0 eng d
100 _aAggarwal
_96510
245 _aWork book of Essays, Letters and stories
260 _aNew Delhi
_bS, Chand Publication
_c1999